000 00379nam a2200169Ia 4500
001 18659
003 IN-NITTTR
005 20251114233217.0
008 251113s9999||||xx |||||||||||||| ||eng||
040 _beng
040 _cIN-NITTTR
041 _aeng
082 _a823 S48T
100 _aStevenson, R. L.
245 0 _aTreasure island. /
_cStevenson, R. L.
942 _2ddc
_cBK
999 _c21293
_d21293